Najwięcej zbiórek w historii NBA - Statystyki

Ogólne statystyki
  • Ten quiz został rozwiązany 29 razy
  • Średni wynik to 3 z 10
Statystyki odpowiedzi
Zawodnik Liczba zbiórek % Poprawnych
Wilt Chamberlain 23,924
96%
Bill Russell 21,620
44%
Kareem Abdul-Jabbar 17,440
22%
Karl Malone 14,968
19%
Tim Duncan 15,091
19%
Dwight Howard 14,627
15%
Kevin Garnett 14,662
15%
Moses Malone 16,212
15%
Robert Parish 14,715
11%
Elvin Hayes 16,279
7%
Nie znaleziono quizów pasujących do podanych kryteriów
Rozkład punktacji
Procent ludzi z każdym wynikiem
Percentyl według liczby udzielonych odpowiedzi
Twoja historia wyników
Nie rozwiązałeś tego quizu